000 00380nam a2200145Ia 4500
008 230917s9999||||xx |||||||||||||| ||und||
040 _e48824
_aMAIN
041 _aEnglish
082 _a822.33 S15I:S
100 _aIyengar, K R Srinivas
245 0 _aShakespeare: His world and his art
260 _aBombay
_bAsia Publishing House
_c1964
300 _axvi, 711 p.
942 _cBK
999 _c105153
_d105153